000 00764nam a2200193 i 4500
001 70966
003 ES-MaACL
005 20260127062530.0
007 t|
008 040804s1958 sp ||||1| spa d
100 1 _aGascón y Marín, José.
_955866
245 1 0 _aAlgunos antecedentes de la reforma del régimen jurídico del Estado español /
_cdiscurso leído en el curso 1957-58, 13 de enero de 1958 por José Gascón y Marín.
260 _aMadrid :
_b[s.n.,
_c1958] (
_fImp. Vda. de Galo Sèz)
300 _a54 p. ;
_c24 cm.
500 _aPrecede al tít.: Real Academia de Jurisprudencia y Legislación.
700 _aReal Academia de Jurisprudencia y Legislación de España
_9217612
852 _aES-MaACL
_j2001-F-9
_bR.41562
999 _c70966
_d70966